Evolución y estructura del verbo indoeuropeo / (Record no. 131448)

MARC details
000 -LEADER
campo de control de longitud fija 00819nam a2200241 i 4500
001 - NÚMERO DE CONTROL
campo de control 131448
003 - IDENTIFICADOR DE NÚMERO DE CONTROL
campo de control ES-MaACL
005 - FECHA Y HORA DE LA ÚLTIMA TRANSACCIÓN
campo de control 20250819063100.0
007 - CAMPO FIJO DE DESCRIPCIÓN FÍSICA--INFORMACIÓN GENERAL
campo de control de longitud fija t|
008 - DATOS DE LONGITUD FIJA--INFORMACIÓN GENERAL
campo de control de longitud fija 070214s1974 sp |||| | spa d
100 1# - ENTRADA PRINCIPAL--NOMBRE DE PERSONA
Nombre de persona Rodríguez Adrados, Francisco,
Fechas asociadas al nombre 1922-2020
9 (RLIN) 98318
245 10 - MENCIÓN DEL TÍTULO
Título Evolución y estructura del verbo indoeuropeo /
Mención de responsabilidad, etc. Francisco Rodríguez Adrados.
250 ## - MENCION DE EDICION
Mención de edición 2ª. ed. aum.
260 ## - PUBLICACIÓN, DISTRIBUCIÓN, ETC.
Lugar de publicación, distribución, etc. Madrid :
Nombre del editor, distribuidor, etc. Instituto Antonio de Nebrija,
Fecha de publicación, distribución, etc. 1974.
300 ## - DESCRIPCIÓN FÍSICA
Extensión 2 v. ;
Dimensiones 25 cm.
490 1# - MENCIÓN DE SERIE
Mención de serie Manuales y anejos de "Emérita" ;
Designación de volumen o secuencia 21
650 #4 - PUNTO DE ACCESO ADICIONAL DE MATERIA--TÉRMINO DE MATERIA
Término de materia o nombre geográfico como elemento de entrada Lenguas indoeuropeas-
Subdivisión general Verbo.
9 (RLIN) 165065
710 2# - ENTRADA AGREGADA--NOMBRE DE ENTIDAD CORPORATIVA
Nombre de entidad corporativa o nombre de jurisdicción como elemento de entrada Instituto Antonio de Nebrija.
9 (RLIN) 4795
830 0# - PUNTO DE ACCESO ADICIONAL DE SERIE-TÍTULO UNIFORME
Título uniforme Manuales y anejos de "Emérita" ;
Designación de volumen o secuencia 21
9 (RLIN) 183691
852 ## - LOCALIZACIÓN
Ubicación ES-MaACL
Número de control de estantería E-9108-89
852 ## - LOCALIZACIÓN
Ubicación ES-MaACL
Número de control de estantería E-7486-87
Holdings
Estatus retirado Estado de pérdida Estado de daño No para préstamo Biblioteca de origen Biblioteca actual Ubicación en estantería Fecha de adquisición Fuente de adquisición Total de préstamos Signatura topográfica completa Código de barras Visto por última vez Precio de reemplazo Tipo de ítem Koha
        Biblioteca del Ateneo de Madrid Biblioteca del Ateneo de Madrid Depósito 2 17/01/2008     E-7486-87 1136847 23/02/2023 23/02/2023 Libro impreso
        Biblioteca del Ateneo de Madrid Biblioteca del Ateneo de Madrid Depósito 2 17/01/2008     E-9108-89 1136846 23/02/2023 23/02/2023 Libro impreso